000 00840nam a22002777a 4500
001 3525
003 FISKH
005 20250815122500.0
008 240315b cb ||||| |||| 00| 0 eng d
020 _a0439179777
040 _aFISKH
_beng
_cFISKH
_dFISKH
050 _aPZ7.B2848
082 _a567.91
100 _aBarton, Byron
_eauthor
245 _aBones, Bones , Dinosaurs Bones /
_cby Byron Barton
250 _aFirst Scholastic printing , April 2000
260 _aNew York :
_bScholastic ,
_c1990
300 _a30 unnumbered pages :
_bcolor illustrations ;
_c23 cm .
505 _aE
520 _aA cast of characters looks for, finds, and assembles some dinosaur bones.
521 8 _a290
_bLexile
521 8 _aE
_bRaz-Plus
650 _adinosaurs
_vNon-fiction
942 _2ddc
_cBK
_n0
999 _c3525
_d3525